|
|
|
|
| LEADER |
00000nam a2200000 a 4500 |
| 001 |
vtls001057887 |
| 003 |
SK-MaSNL |
| 005 |
20260302030349.0 |
| 008 |
240314s1975 xo 0 slo |
| 035 |
|
|
|a SNK000000695
|
| 040 |
|
|
|a SNK
|b slo
|c SNK
|e AACR2
|
| 041 |
0 |
|
|a slo
|
| 044 |
|
|
|a xo
|c SK
|
| 100 |
1 |
|
|a Adamovič, Ales,
|d 1927-1994
|4 aut
|9 184926
|
| 245 |
1 |
0 |
|a Chatynská povesť
|c Aleksandr Adamovič ; Z rus. orig. prel. Viera Krnová
|
| 250 |
|
|
|a 1. vyd.
|
| 260 |
|
|
|a Bratislava
|b Slovenský spisovateľ
|c 1975
|e Bratislava
|f Pravda
|
| 300 |
|
|
|a 207, [2] s.
|c 8°
|
| 490 |
1 |
|
|a Nová sovietska tvorba
|
| 700 |
1 |
|
|a Krnová, Viera,
|d 1925-2010
|4 trl
|9 163360
|
| 958 |
|
|
|a RK
|
| 958 |
|
|
|a OND
|
| 999 |
|
|
|c 1047005
|d 1048935
|
| 952 |
|
|
|a SNK
|b SNK
|y PREZ
|7 0
|o snkSC 37478 D1
|i snkKSP 7035/75
|0 0
|1 0
|4 0
|d 1995-03-09
|l 0
|r 2004-12-31 00:00:00
|w 2026-02-24
|
| 952 |
|
|
|a SNK
|b SNK
|y PREZ
|7 0
|p 17A0802126
|o snkSC 37478
|i snkKSP 7034/75
|0 0
|1 0
|4 0
|d 1995-03-09
|l 0
|r 2025-10-10 00:00:00
|w 2026-02-24
|